000 00344nam a2200133 i 4500
001 bg
100 1 _aSTRYCZEK, Jarosław
245 0 _aZazębienia cykloidalne w budowie pomp i silników zębatych /
_cJ. Stryczek.
260 _aWrocław,
_c1991.
040 _cBPK
041 _apol
942 _cKS
008 s pl f |000 0 pol
999 _c29509
_d29509
856 _uhttp://koha.tu.koszalin.pl/cgi-bin/koha/opac-detail.pl?biblionumber=29509
_yKatalog online BPK